000
00230 a2200097 4500
001
48583
100
_a
Nussbaum, A
245
_a
A history of the dollar
260
_a
New York
_b
Columbia university press
_c
090
_c
31511
_d
31511
942
_a
NUST-CAE
_c
M
_c
23905
999
_c
283656
_d
283656